000 00704nam a2200217Ii 4500
003 JO-AjNU
008 230605s9999||||xx |||||||||||||| ||und||
017 _a92/1246
040 _aJO-AjNU
_bara
_erda
_cJO-AjNU
041 _aara
050 1 4 _aJX19054.A8264.1997
100 3 _a عرفة ، عبد السلام صالح ,
_eauthor
_931270
245 0 0 _aالتنظيم الدولي
250 _aط2
264 3 1 _aالاسكندرية : المكتب الجامعي الجديث ، 1997
300 _a383ص
336 _atext
_btxt
_2rdacontent
337 _aunmediated
_bn
_2rdamedia
338 _avolume
_bnc
_2rdacarrier
650 4 _aالمنظمات الدولية -- قانون دولي
_931271
999 _aA12490
_c16058
_d16058